Teaching listening comprehension / (Record no. 12334)

000 -LEADER
fixed length control field 00690pam a2200229 a 4500
020 ## - INTERNATIONAL STANDARD BOOK NUMBER
ISBN 0521255090
020 ## - INTERNATIONAL STANDARD BOOK NUMBER
ISBN 0521287812 (pbk.)
040 ## - CATALOGING SOURCE
Transcribing agency DLC
082 00 - DEWEY DECIMAL CLASSIFICATION NUMBER
Classification number 808 CAM 1984 A092 Or.
100 1# - MAIN ENTRY--AUTHOR NAME
Personal name Ur, Penny.
245 10 - TITLE STATEMENT
Title Teaching listening comprehension /
260 ## - PUBLICATION, DISTRIBUTION, ETC. (IMPRINT)
Place of publication Cambridge ;
-- New York :
Name of publisher Cambridge University Press,
Year of publication 1984.
300 ## - PHYSICAL DESCRIPTION
Number of Pages x, 173 p. :
Other physical details ill. ;
Dimensions 24 cm.
500 ## - GENERAL NOTE
General note Includes index.
650 #0 - SUBJECT ADDED ENTRY--TOPICAL TERM
Topical Term Listening
650 #0 - SUBJECT ADDED ENTRY--TOPICAL TERM
Topical Term Attention.
650 #0 - SUBJECT ADDED ENTRY--TOPICAL TERM
Topical Term Comprehension.
650 #0 - SUBJECT ADDED ENTRY--TOPICAL TERM
Topical Term Listening comprehension.
856 42 - ELECTRONIC LOCATION AND ACCESS
Uniform Resource Identifier http://www.loc.gov/catdir/description/cam022/83005173.html
856 41 - ELECTRONIC LOCATION AND ACCESS
Uniform Resource Identifier http://www.loc.gov/catdir/toc/cam029/83005173.html
942 ## - ADDED ENTRY ELEMENTS (KOHA)
Koha item type សៀវភៅភាសាអង់គ្លេស
952 ## - LOCATION AND ITEM INFORMATION (KOHA)
Withdrawn status [LOCAL, KOHA] 0
Holdings
Permanent Location Date acquired Koha item type Lost status Shelving location Barcode Current Location Full call number
Library Block A2017-08-12សៀវភៅភាសាអង់គ្លេស A094A17138Library Block A808 CAM 1984 A094 Or.
មជ្ឈមណ្ឌលឯការនៃសាកលវិទ្យាល័យភូមិន្ទកសិកម្មចំការដូង

Powered by Koha